000
00285nam a22001217a 4500
008
170526b xxu||||| |||| 00| 0 eng d
041
_a
eng
080
_a
62
100
_a
25
101
_a
IM
245
_a
THE LANGUAGE OF CIVIL ENGINEEERING IN ENGLISH
_c
HALL.E.J
942
_2
udc
_c
BK
999
_c
14329
_d
14329